000 00411nam a2200169Ia 4500
008 230711s9999||||xx |||||||||||||| ||und||
020 _a978-0-8206-0001-7
041 _aENG
082 _a668.55
_bRI-H
100 _aRieger,Martin M
245 0 _aHarry's cosmeticology. V-2
250 _a8th Ed.
260 _c2009
_aBoston
_bChemical Publishing Co.Inc
300 _a966p.
650 _aPharmacy
942 _cBK
999 _c7061
_d7061